Patán, hazme un hijo /

Shranjeno v:
Bibliografske podrobnosti
Glavni avtor: Olmos de Ita, Enrique (autor)
Format: Knjiga
Jezik:španščina
Izdano: Guadalajara, México : Arlequín, 2015, c2015
Serija:(Teatro Arlequín)
Teme:
Oznake: Označite
Brez oznak, prvi označite!

MARC

LEADER 00000nam^a2200000^a^4500
001 000390828
005 20250521000000.0
009 20260310121159.611
020 |a 978-607-8338-40-5 
037 |a Acervo ITESO - Biblioteca 
041 |a ESP 
082 |a 862.  |b OLM 
100 |a Olmos de Ita, Enrique  |e (autor) 
245 1 0 |a Patán, hazme un hijo /  |c E. Olmos de Ita ; pról. de Gahdiel Andrade Torres. 
264 4 |a Guadalajara, México :  |b Arlequín,  |c 2015, c2015 
300 |a 119 p. 
336 |a texto  |b txt  |2 rdacontenido 
337 |a sin mediación  |b n  |2 rdamedio 
338 |a volumen  |b nc  |2 rdasoporte 
440 1 |a (Teatro Arlequín) 
521 |a EEnlace Centro de Promoción Cultural 2016 
649 |a XX 
650 |a Tragedia Mexicana 
650 |a Comedia Mexicana 
650 |a Teatro Mexicano 
650 |a Literatura Mexicana -  |y Siglo XXI 
740 0 |a Hazme un hijo :  |b falso documental de un suceso imbécil y hormnonal /  |c E. Olmos de Ita. 
740 0 |a Patán :  |b monólogo para un perro cuya vida es sueño /  |c E. Olmos de Ita. 
740 3 |a El sur viaja en tren :  |b obra para niños en tránsito /  |c E. Olmos de Ita. 
910 |a Fondo General 
920 |a Impresos - Libros 
930 |a Colección General 
940 |a Literatura 
905 |a 101 
901 |a 0500285786  |b IT1  |c LIT  |i C154452  |u 20250521 
902 |a https://opac.biblio.iteso.mx/vufind/Record/000390828